LEADER 01117nam a2200253 u 4500 001 000000029398 003 CaOOAMICUS 005 20070226111919.0 008 970306s1911 it u000 u ita u 035 $a10754654 040 $aBAV$bita$dPUL(R) 100 1 $aFiorentino, Francesco,$d1834-1884.$0(OLS)http://pul/name/7546 245 10$aStudi e ritratti della Rinascenza /$cFrancesco Fiorentino ; a cura della figlia Luisa. 260 $aBari :$bG. Laterza & Figli,$c1911. 300 $avii, 508 p., [1] c. di tav. :$bant. (ritr.) ;$c22 cm 490 1 $aBiblioteca di cultura moderna ;$v44 650 0$aRenaissance.$2//eng$0(OLS)http://pul/subject/16878 700 1 $aFiorentino, Luisa.$0(OLS)http://pul/name/23769 830 0$aBiblioteca di cultura moderna (Editori Laterza) ;$v44.$0(OLS)http://pul/title/3128 850 $aPUL 852 $aPUL$W1$xDP2 Filosofia 1$y62$m95 C 12$j40748$nBK-PRI$b $qStampati$B40748$CPULBib$Z2$F40748 $81 941 1 $a8 996 $6245$aStudi e ritratti della Rinascenza$9(OLS)http://pul/title/40247 996 $6260$aBari :$bG. Laterza & Figli$9(OLS)http://pul/publisher/48006 LEADER 01395nam a2200325 a 4500 001 000000173398 003 CaOOAMICUS 005 20200513100907.0 006 a 000 u 008 200513s2019 vc u000 u ita r 020 $a978-88-266-0334-6* 032 $aLibriCat 040 $aPUL$bita 082 10$a241 110 2 $aPontificia Commissione Biblica.$0(OLS)http://pul/name/2794 245 11$a"Che cosa č l'uomo?" (Sal 8,5):$bun itinerario di antropologia biblica /$cPontificia Commissione Biblica. 260 $aCittą del Vaticano :$bLibreria editrice vaticana,$c©2019. 300 $a335 p. ;$c21cm 630 04$aBiblia$xCritica e interpretazione.$0(OLS)http://pul/subject/2023 650 4$aAntropologia teologica.$0(OLS)http://pul/subject/34471 850 $aPUL 852 $aPUL$W1$xSL Religione 3$y85$m241 PCBIB 3$j197393$qDDC 21$B202176$CPULBib$Z2$F202176 $H134175 $82 941 1 $a9 960 $aUomo (teologia)$934471 960 $aUomo (teologia)$934471 996 $6020$a978-88-266-0334-6*$9(OLS)http://pul/number/167404 996 $6082$a241$9(OLS)http://pul/classification/246 996 $6245$a"Che cosa č l'uomo?" (Sal 8,5):$bun itinerario di antropologia biblica$9(OLS)http://pul/title/214567 996 $6260$aCittą del Vaticano :$bLibreria editrice vaticana$9(OLS)http://pul/publisher/47920